Tvorba koalícií v legislatívnych orgánoch EÚ na príklade spoločnej obchodnej politiky

Autorka na základe stručnej analýzy fungovania legislatívnych orgánov EÚ vytyčuje základné zákonitosti vytvárania koalícií a získavania politickej moci v týchto orgánoch.

Salvato in:
Dettagli Bibliografici
Autore principale: Silná, Zuzana
Natura: Capitolo di libro
Lingua:slovacco
Soggetti:
Tags: Aggiungi Tag
Nessun Tag, puoi essere il primo ad aggiungerne!!

MARC

LEADER 00000naa$a2200000$$$4500
001 0098141
005 20240502072102.2
041 0 |a slo 
044 |a SK 
245 1 0 |a Tvorba koalícií v legislatívnych orgánoch EÚ na príklade spoločnej obchodnej politiky  |c Zuzana Silná 
520 |a Autorka na základe stručnej analýzy fungovania legislatívnych orgánov EÚ vytyčuje základné zákonitosti vytvárania koalícií a získavania politickej moci v týchto orgánoch. 
610 2 0 |a Európska únia 
610 2 0 |a Rada Európskej únie 
610 2 0 |a koalícia 
610 2 0 |a legislatíva 
610 2 0 |a moc politická 
100 1 |a Silná, Zuzana